Las visitas /

Desde pequeño, Fernando creció creyendo que su padre se había ido de viaje. Recién a los seis años conoce la verdad: su padre está preso. Una verdad que marcará el resto de sus relaciones: con su hermana adolescente, con la madre y su nueva pareja, con los compañeros y las maestras del colegio y con...

Descripción completa

Guardado en:
Autor Principal: Schujer, Silvia.
Formato: Libro
Idioma:Undetermined
Publicado: Buenos Aires : Santillana, 2023.
Edición:1a ed.
Series:Identidades bonaerenses
Loqueleo
Materias:
Etiquetas: Agregar Etiqueta
Sin Etiquetas, Sea el primero en etiquetar este registro!
LEADER 01976nam a22003015a 4500
001 CEM.cems024828
008 250804s2023####ag############000#0#und#d
005 20250814125729.0
245 1 0 |a Las visitas /  |c Silvia Schujer. 
250 |a 1a ed. 
260 |a Buenos Aires :  |b Santillana,  |c 2023. 
300 |a 94 p. 
490 1 |a Identidades bonaerenses 
490 1 |a Loqueleo 
500 |a Edición especial de la Dirección de Cultura y Educación de la Provincia de Buenos Aires. 
500 |a Edad sugerida: partir de ciclo orientado. Requiere acompañamiento docente. 
500 |a Edad sugerida: partir de 12 años. 
520 |a Desde pequeño, Fernando creció creyendo que su padre se había ido de viaje. Recién a los seis años conoce la verdad: su padre está preso. Una verdad que marcará el resto de sus relaciones: con su hermana adolescente, con la madre y su nueva pareja, con los compañeros y las maestras del colegio y con su amigo Jopo. Al llegar a la adolescencia, descubre la experiencia dolorosa "de ver la realidad tal como es", a la vez que se enamora de una chica a quien decide revelar sus secretos. Clásico de la literatura infantil y juvenil que sostiene de modo innegable la vigencia en el tratamiento de las relaciones entre un hijo y su papá privado de libertad. Se aborda la cuestión de la identidad desde las preguntas sobre lo oculto, lo silenciado, lo "mal visto" y las reflexiones sobre la memoria, lo que elegimos recordar y lo que construimos sobre el recuerdo. 
020 |a 9789504671404 
100 1 |a Schujer, Silvia. 
653 |a Literatura argentina 
653 |a Narrativa argentina 
653 |a Literatura infantil y juvenil 
653 |a Novela juvenil 
653 |a Identidades bonaerenses 
859 |a CEMS  |b BIB. CEMS - Agricultura  |h A863.4  |i Sch79  |p A3960.25  |t Ej.1 
859 |a CEMS  |b BIB. CEMS - Ccias. Educacion  |h A863.4  |i Sch79  |k CE  |p 30343.25  |t Ej.1 
859 |a CEMS  |b BIB. CEMS - 11 de abril  |h A863.4  |i Sch79a1  |p 30342.25  |t Ej.1